<?xml version="1.0" encoding="UTF-8"?>
<record
    xmlns:xsi="http://www.w3.org/2001/XMLSchema-instance"
    xsi:schemaLocation="http://www.loc.gov/MARC21/slim http://www.loc.gov/standards/marcxml/schema/MARC21slim.xsd"
    xmlns="http://www.loc.gov/MARC21/slim">

  <leader>00778nam a22001337a 4500</leader>
  <datafield tag="999" ind1=" " ind2=" ">
    <subfield code="c">529096</subfield>
    <subfield code="d">529096</subfield>
  </datafield>
  <controlfield tag="008">250220b           ||||| |||| 00| 0 eng d</controlfield>
  <datafield tag="100" ind1=" " ind2=" ">
    <subfield code="a"> Mishra, Manoj Kumar  </subfield>
    <subfield code="9">50770</subfield>
  </datafield>
  <datafield tag="245" ind1=" " ind2=" ">
    <subfield code="a"> The factors behind the US failure in Afghanistan: Impending challenges under Taliban rule  </subfield>
  </datafield>
  <datafield tag="260" ind1=" " ind2=" ">
    <subfield code="a">World Affairs: The Journal of International Issues  </subfield>
  </datafield>
  <datafield tag="300" ind1=" " ind2=" ">
    <subfield code="a">28(4), Oct-Dec, 2024: p.72-89 </subfield>
  </datafield>
  <datafield tag="520" ind1=" " ind2=" ">
    <subfield code="a"> The article gives an account of the factors that led the united states armed finesse to exit Afghanistan as and when they did in August 2021 after twenty years of presence, leaving the country at the mercy of the Taliban which successive US government had tried to eradicate. &#x2013; Reproduced </subfield>
  </datafield>
  <datafield tag="773" ind1=" " ind2=" ">
    <subfield code="a">World Affairs: The Journal of International Issues  </subfield>
  </datafield>
  <datafield tag="942" ind1=" " ind2=" ">
    <subfield code="c">AR</subfield>
  </datafield>
  <datafield tag="952" ind1=" " ind2=" ">
    <subfield code="0">0</subfield>
    <subfield code="1">0</subfield>
    <subfield code="2">ddc</subfield>
    <subfield code="4">0</subfield>
    <subfield code="7">0</subfield>
    <subfield code="9">404201</subfield>
    <subfield code="a">IIPA</subfield>
    <subfield code="b">IIPA</subfield>
    <subfield code="d">2025-02-20</subfield>
    <subfield code="h">28(4), Oct-Dec, 2024: p.72-89 </subfield>
    <subfield code="p">AR135249</subfield>
    <subfield code="r">2025-02-20</subfield>
    <subfield code="y">AR</subfield>
  </datafield>
</record>
